| Tag |
First Indicator |
Second Indicator |
Subfields |
| LEADER |
00000cam a2200000 i 4500 |
| 001 |
in00004410821 |
| 005 |
20210123193207.0 |
| 006 |
m fo d |
| 007 |
cr bn nnnauuuu |
| 008 |
170309s1855 pau o 000 0 eng d |
| 035 |
|
|
|a ccn00790548
|
| 040 |
|
|
|a NjRocCCS
|b eng
|e rda
|c NjRocCCS
|
| 043 |
|
|
|a f------
|
| 050 |
|
4 |
|a HT1322
|b .F66 1855
|
| 100 |
1 |
|
|a Foote, Andrew H.
|q (Andrew Hull),
|d 1806-1863,
|e author.
|
| 245 |
1 |
4 |
|a The African squadron :
|b Ashburton treaty, consular sea letters /
|c reviewed, in an address by Commander A.H. Foote.
|
| 264 |
|
1 |
|a Philadelphia :
|b William F. Geddes, printer,
|c [1855]
|
| 264 |
|
2 |
|a [Getzville, New York] :
|b William S. Hein and Company,
|c [2017]
|
| 300 |
|
|
|a 1 online resource (16 pages).
|
| 336 |
|
|
|a text
|b txt
|2 rdacontent
|
| 337 |
|
|
|a computer
|b c
|2 rdamedia
|
| 338 |
|
|
|a online resource
|b cr
|2 rdacarrier
|
| 490 |
1 |
|
|a HeinOnline slavery in America and the world: history, culture & law
|
| 588 |
|
|
|a Description based on PDF title page, viewed March 9, 2017.
|
| 630 |
0 |
0 |
|a Webster-Ashburton Treaty
|d (1842 August 9)
|
| 650 |
|
0 |
|a Slave trade
|z Africa.
|
| 655 |
|
7 |
|a Electronic books.
|2 local
|
| 776 |
0 |
8 |
|c Original
|w (DLC) 15024615
|
| 830 |
|
0 |
|a Slavery in America and the world: history, culture & law.
|
| 856 |
4 |
0 |
|u http://proxy.library.tamu.edu/login?url=https://www.heinonline.org/HOL/Page?handle=hein.slavery/afsqatcol0001&id=1&size=2&collection=slavery&index=slavery
|z Connect to the full text of this electronic book
|t 0
|
| 949 |
|
|
|a HT 1322 .F66 1855
|w LC
|c 1
|i 790548-1001
|d 5/19/2017
|l MAIN
|m HEN
|q 1
|r Y
|s Y
|t WEB
|u 3/9/2017
|x ENG
|z F
|
| 999 |
f |
f |
|s c3dd932d-fbf6-33fb-91d2-4e32fef8e368
|i 65336d95-a661-3cf5-9d3c-f6caf4e8b6c7
|t 0
|
| 952 |
f |
f |
|a Texas A&M University
|b College Station
|c Electronic Resources
|d Available Online
|t 0
|e HT1322 .F66 1855
|h Library of Congress classification
|
| 998 |
f |
f |
|a HT1322 .F66 1855
|t 0
|l Available Online
|